|
|
|
|
| LEADER |
00000nam a2200000 a 4500 |
| 001 |
UCH9573 |
| 003 |
CL-VaPUC |
| 008 |
100114e20090000CL |||||||||||||||||spa|d |
| 020 |
|
|
|a 9789560000613
|
| 082 |
0 |
4 |
|a 740
|b FIG
|2 21
|
| 100 |
0 |
|
|a Figueroa, Alexis
|e author
|9 546742
|
| 700 |
0 |
|
|a Romo, Claudio
|e author
|9 546743
|
| 700 |
0 |
|
|a Bravo, Bárbara
|e author
|9 546744
|
| 245 |
1 |
0 |
|a Informe Tunguska
|
| 250 |
|
|
|a 1a. ed
|
| 300 |
|
|
|a pág. irreg
|
| 942 |
|
|
|c BK
|
| 945 |
|
|
|d 20100114 00:00:00
|a cmena
|
| 260 |
|
|
|a Santiago
|b LOM
|c 2009
|
| 500 |
|
|
|a Extraños sucesos suceden cuando un aerolito cae en la isla grande de Chiloé, es la premisa inicial que los autores usan como pretexto para sumergirse en el género de la fantasía y la ciencia ficción que funciona como un espejo que enfrenta la historia del Chile reciente. La edición de la notable historieta experimental "Informe Tunguska", abre la puerta a un universo que desmantela el proyecto de percepción oficial de la realidad, y lo reemplaza por una inquietante y peligrosa visión
|
| 650 |
|
0 |
|a Historietas
|9 369533
|
| 650 |
|
0 |
|a Dibujos
|9 264123
|
| 650 |
|
0 |
|a Ciencia ficción
|9 314542
|
| 583 |
|
|
|a last modification
|c 20100114 00:00:00
|k Rodrigo Vera
|
| 999 |
|
|
|c 339494
|d 339492
|
| 952 |
|
|
|0 0
|1 0
|4 0
|6 740_000000000000000_FIG_2009
|7 0
|8 C
|9 433179
|a BIBCUR
|b BIBCUR
|d 2019-11-22
|i 4602609
|o 740 FIG 2009
|p 4602609
|r 2025-04-22
|w 2019-11-22
|y BK
|k CAC
|